000 00591nam a22001817a 4500
005 20251108173301.0
008 250721s2006 xx 000 0 ara d
082 1 4 _a324.2/جبر
100 1 _aجبر، دندل
_eمؤلف
245 1 0 _aالتعددية السياسية و تداول السلطة في السياسة الشرعية /
264 1 _aعمان :
_bدار عمار للنشر والتوزيع،
_c2006.
300 _a202 ص.
650 1 7 _aالأحزاب السياسية
650 1 7 _aالسياسة
650 1 7 _aالتعددية
942 _2ddc
_cBK
999 _c100336
_d100336